000 nam a22 7a 4500
999 _c8865
_d8865
008 180120b ||||| |||| 00| 0 eng d
100 _aAggarwal.R.S.
_95185
245 _aComposite Mathematics
260 _aNew Delhi
_bS. Chand
_c2009